000 00427nam a2200181Ia 4500
001 15835
005 20260306170225.0
008 260306t1998||||xx |||||||||||||| ||und||
041 _aESP
082 _a620.11
_bH441 1998
100 _aHibbeler, R. C.
_eAUT
245 0 _aMecánica de materiales
260 _c1998
300 _axv, 854 páginas :
_c26 cm.
650 _aGEN
654 _aCII
942 _cLIB
_dJUS
_fJUS
_2ddc
_n
999 _c15835
_d15835